| 000 | 00576nam a22001937a 4500 | ||
|---|---|---|---|
| 999 |
_c16654 _d16654 |
||
| 003 | AR-CdUCM | ||
| 008 | 190504b ||||| |||| 00| 0 spa d | ||
| 040 |
_aMUNICIPALIDAD PROVINCIAL DEL CUSCO _cBIBLIOTECA MUNICIPAL DEL CUSCO |
||
| 082 |
_a954 / _bE33 |
||
| 100 |
_aEhrenburg, Ilya _99817 |
||
| 245 | _aLa India de hoy / | ||
| 260 |
_aBuenos Aires : _bFuturo, _c1957. |
||
| 300 |
_a113 pÔginas ; _c21 cm. _bIlustración |
||
| 505 | _aContenido : Historia | ||
| 650 |
_aHistoria _9136 |
||
| 700 |
_aGuerrero, Lila _925450 |
||
| 942 |
_2ddc _cLIBROS |
||
| 945 |
_arah _d04/05/2019 |
||